LEADER 03103oam 22005894 450 001 996214874103316 005 20230421032213.0 010 $a0-674-99537-6 035 $a(CKB)3820000000011983 035 $a(SSID)ssj0001417975 035 $a(PQKBManifestationID)11782137 035 $a(PQKBTitleCode)TC0001417975 035 $a(PQKBWorkID)11386576 035 $a(PQKB)10675351 035 $a(OCoLC)899735929 035 $a(MaCbHUP)hup0000588 035 $a(EXLCZ)993820000000011983 100 $a20141025d1998 my d 101 0 $aeng 135 $aurcn#||||| 181 $ctxt 182 $cc 183 $acr 200 10$aClouds$eWasps ; Peace /$fAristophanes ; edited and translated by Jeffrey Henderson 210 1$aCambridge, MA :$cHarvard University Press,$d2014. 215 $a1 online resource 225 1 $aLoeb Classical Library ; $v488 300 $aIncludes index. 330 $aAristophanes (c. 450-c. 386 BCE) has been admired since antiquity for his wit, fantasy, language, and satire. Socrates' "Thinkery" is at the center of Clouds, which spoofs untraditional techniques for educating young men. Wasps satirizes Athenian enthusiasm for jury service. Peace is a rollicking attack on war-makers.$bAristophanes of Athens (ca. 446-386 BCE), one of the world's greatest comic dramatists, has been admired since antiquity for his iridescent wit and beguiling fantasy, exuberant language, and brilliant satire of the social, intellectual, and political life of Athens at its height. He wrote at least forty plays, of which eleven have survived complete. In this new Loeb Classical Library edition of Aristophanes, Jeffrey Henderson presents a freshly edited Greek text and a lively, unexpurgated translation with full explanatory notes. Three plays are in Volume II of the new edition. Socrates' "Thinkery" is at the center of Clouds, which spoofs untraditional techniques for educating young men. Wasps satirizes Athenian enthusiasm for jury service and the law courts as well as the city's susceptibility to demagogues. In Peace, a rollicking attack on war-makers, the farmer-hero makes his famous trip to heaven on a dung beetle to discuss the issues with Zeus. 606 $aGreek drama (Comedy)$vTranslations into English 606 $aEnglish language$3(OCoLC)910920$2fast 606 $aGreek drama (Comedy)$3(OCoLC)947136$2fast 606 $aGreek drama$3(OCoLC)947127$2fast 606 $aJapanese language$3(OCoLC)981565$2fast 606 $aRhetoric$xStudy and teaching$3(OCoLC)1096971$2fast 606 $aWomen and religion$3(OCoLC)1177110$2fast 607 $aGreece$2fast 615 0$aGreek drama (Comedy) 615 7$aEnglish language 615 7$aGreek drama (Comedy) 615 7$aGreek drama 615 7$aJapanese language 615 7$aRhetoric$xStudy and teaching 615 7$aWomen and religion 700 $aAristophanes$0602827 702 $aHenderson$b Jeffrey$f1946- 801 0$bMaCbHUP 801 2$bTLC 906 $aBOOK 912 $a996214874103316 996 $aClouds$93088476 997 $aUNISA LEADER 01627nam 2200505 450 001 9910826312303321 005 20200520144314.0 035 $a(CKB)3710000000442418 035 $a(SSID)ssj0001535473 035 $a(PQKBManifestationID)11893000 035 $a(PQKBTitleCode)TC0001535473 035 $a(PQKBWorkID)11500340 035 $a(PQKB)11556013 035 $a(MiAaPQ)EBC1674861 035 $a(Au-PeEL)EBL1674861 035 $a(CaPaEBR)ebr11072184 035 $a(CaONFJC)MIL808634 035 $a(OCoLC)913086239 035 $a(EXLCZ)993710000000442418 100 $a20150716h20152015 uy 0 101 0 $aeng 135 $aurcnu|||||||| 181 $ctxt 182 $cc 183 $acr 200 10$aArchiCAD 19 - the definitive guide $edive into the wonderful world of Building Information Modeling (BIM) to become a productive ArchiCAD user /$fScott H. MacKenzie, Adam Rendek 210 1$aBirmingham, England ;$aMumbai, [India] :$cPackt Publishing,$d2015. 210 4$d2015 215 $a1 online resource (358 pages) $ccolor illustrations 225 1 $aCommunity Experience Distilled 300 $aIncludes index. 311 $a1-84969-762-0 410 0$aCommunity experience distilled. 606 $aArchitecture$xComputer-aided design 615 0$aArchitecture$xComputer-aided design. 676 $a720.285 700 $aMacKenzie$b Scott H.$01666589 702 $aRendek$b Adam 801 0$bMiAaPQ 801 1$bMiAaPQ 801 2$bMiAaPQ 906 $aBOOK 912 $a9910826312303321 996 $aArchiCAD 19 - the definitive guide$94025918 997 $aUNINA